Most Watched South Park Episodes by Season - Statistics

General Stats
  • This quiz has been taken 407 times
    400 since last reset
  • The average score is 3 of 18
Answer Stats
Season Views Episode % Correct
1 (1997) 12.0m Cartman Gets an Anal Probe
79%
5 (2001) 3.5m Scott Tenorman Must Die
48%
10 (2006) 7.4m Make Love, Not Warcraft
43%
9 (2005) 3.9m Trapped in the Closet
20%
11 (2007) 23.0m With Apologies to Jesse Jackson
17%
13 (2009) 4.5m Fishsticks
14%
3 (1999) 2.9m Chinpokomon
13%
8 (2004) 3.8m Woodland Critter Christmas
13%
2 (1998) 2.8m Chickenlover
12%
7 (2003) 4.0m All About Mormons
11%
18 (2014) 7.3m The Cissy
9%
4 (2000) 2.6m Cartman Joins NAMBLA
8%
15 (2011) 5.3m HUMANCENTiPAD
8%
6 (2002) 3.1m Red Hot Catholic Love/ Child Abduction is Not Funny
7%
17 (2013) 20.0m Let Go, Let Gov
6%
12 (2008) 4.2m Major Boobage
6%
14 (2010) 5.5m Medicinal Fried Chicken
6%
16 (2012) 16.0m Raising the Bar
4%
No matching quizzes found
Score Distribution
Percent of People with Each Score
Percentile by Number Answered
Your Score History
You have not taken this quiz since the last reset